Performance and stability of aircraft (Record no. 81786)

MARC details
000 -LEADER
fixed length control field 01686nam a2200313 a 4500
008 - FIXED-LENGTH DATA ELEMENTS--GENERAL INFORMATION
fixed length control field 190827s1996 ||||||||||||||||| || u
010 ## -
-- 96207392
020 ## - INTERNATIONAL STANDARD BOOK NUMBER
International Standard Book Number 0340631708
020 ## - INTERNATIONAL STANDARD BOOK NUMBER
International Standard Book Number 0470235985 (Wiley)
020 ## - INTERNATIONAL STANDARD BOOK NUMBER
International Standard Book Number 9780340631706
050 ## - LIBRARY OF CONGRESS CALL NUMBER
Classification number TL 574.S7 Rus
100 ## - MAIN ENTRY--PERSONAL NAME
Personal name Russell, J.B
245 10 - TITLE STATEMENT
Title Performance and stability of aircraft
Statement of responsibility, etc By J.B. Russell
260 ## - PUBLICATION, DISTRIBUTION, ETC. (IMPRINT)
Place of publication, distribution, etc Oxford
Name of publisher, distributor, etc Butterwoorth-Heinemann
Date of publication, distribution, etc 1996
300 ## - PHYSICAL DESCRIPTION
Extent xx, 294 pages : illustrations
350 ## -
-- 79.10
500 ## - GENERAL NOTE
General note Includes bibliographical references (p. [285-286]) and index.
650 #0 - SUBJECT ADDED ENTRY--TOPICAL TERM
Topical term or geographic name as entry element AERONAUTICS--MATHEMATICS
650 #0 - SUBJECT ADDED ENTRY--TOPICAL TERM
Topical term or geographic name as entry element AIRPLANES--PERFORMANCE
650 #0 - SUBJECT ADDED ENTRY--TOPICAL TERM
Topical term or geographic name as entry element STABILITY OF AIRPLANES
856 ## - ELECTRONIC LOCATION AND ACCESS
Uniform Resource Identifier <a href="http://www.loc.gov/catdir/toc/els051/96207392.html">http://www.loc.gov/catdir/toc/els051/96207392.html</a>
856 ## - ELECTRONIC LOCATION AND ACCESS
Uniform Resource Identifier <a href="http://www.loc.gov/catdir/description/els032/96207392.html">http://www.loc.gov/catdir/description/els032/96207392.html</a>
995 ## - RECOMMENDATION 995 [LOCAL, UNIMARC FRANCE]
-- CBU-MAIN LIBRARY (Kitwe)
-- 79.10
-- 1
-- AVAILABLE
-- Aug 27, 2019
-- Main Library Open Access Collection
995 ## - RECOMMENDATION 995 [LOCAL, UNIMARC FRANCE]
-- CBU-MAIN LIBRARY (Kitwe)
-- 79.10
-- 5
-- AVAILABLE
-- Aug 27, 2019
-- Main Library Open Access Collection
995 ## - RECOMMENDATION 995 [LOCAL, UNIMARC FRANCE]
-- CBU-MAIN LIBRARY (Kitwe)
-- 79.10
-- 3
-- AVAILABLE
-- Aug 27, 2019
-- Main Library Open Access Collection
995 ## - RECOMMENDATION 995 [LOCAL, UNIMARC FRANCE]
-- CBU-MAIN LIBRARY (Kitwe)
-- 79.10
-- 4
-- AVAILABLE
-- Aug 27, 2019
-- Main Library Open Access Collection
995 ## - RECOMMENDATION 995 [LOCAL, UNIMARC FRANCE]
-- CBU-MAIN LIBRARY (Kitwe)
-- 79.10
-- 2
-- AVAILABLE
-- Aug 27, 2019
-- Main Library Open Access Collection
Holdings
Withdrawn status Lost status Source of classification or shelving scheme Damaged status Not for loan Permanent Location Current Location Shelving location Date acquired Total Checkouts Full call number Barcode Date last seen Copy number Price effective from Koha item type Total Renewals Checked out Date checked out
          CBU-MAIN LIBRARY, KITWE. CBU-MAIN LIBRARY, KITWE.   09/05/2023   TL 574.S7 Rus 749539 09/05/2023 1 09/05/2023 MONOGRAPH      
          CBU-MAIN LIBRARY, KITWE. CBU-MAIN LIBRARY, KITWE.   09/05/2023   TL 574.S7 Rus 749543 09/05/2023 2 09/05/2023 MONOGRAPH      
          CBU-MAIN LIBRARY, KITWE. CBU-MAIN LIBRARY, KITWE.   09/05/2023 2 TL 574.S7 Rus 749541 04/29/2026 3 09/05/2023 MONOGRAPH 1 08/31/2026 04/29/2026
          CBU-MAIN LIBRARY, KITWE. CBU-MAIN LIBRARY, KITWE.   09/05/2023   TL 574.S7 Rus 749542 09/05/2023 4 09/05/2023 MONOGRAPH      
          CBU-MAIN LIBRARY, KITWE. CBU-MAIN LIBRARY, KITWE.   09/05/2023   TL 574.S7 Rus 749540 09/05/2023 5 09/05/2023 MONOGRAPH